LEADER 02308nam 2200673Ia 450 001 9910451291703321 005 20200520144314.0 010 $a1-138-45694-2 010 $a1-280-05409-3 010 $a0-203-35943-7 035 $a(CKB)1000000000255891 035 $a(EBL)179272 035 $a(OCoLC)191931706 035 $a(SSID)ssj0000285141 035 $a(PQKBManifestationID)11207753 035 $a(PQKBTitleCode)TC0000285141 035 $a(PQKBWorkID)10262237 035 $a(PQKB)10494843 035 $a(MiAaPQ)EBC179272 035 $a(Au-PeEL)EBL179272 035 $a(CaPaEBR)ebr10097439 035 $a(CaONFJC)MIL5409 035 $a(EXLCZ)991000000000255891 100 $a19920210d1993 uy 0 101 0 $aeng 135 $aur|n|---||||| 181 $ctxt 182 $cc 183 $acr 200 10$aUnmarked$b[electronic resource] $ethe politics of performance /$fPeggy Phelan 210 $aLondon ;$aNew York $cRoutledge$d1993 215 $a1 online resource (220 p.) 300 $aDescription based upon print version of record. 311 $a0-203-37619-6 311 $a0-415-06822-3 320 $aIncludes bibliographical references (p. [195]-202) and index. 327 $aBook Cover; Title; Copyright; Contents 330 $aUnmarked is a controversial analysis of the fraught relation between political and representational visibility in contemporary culture. Written from and for the Left, Unmarked rethinks the claims of visibility politics through a feminist psychoanalytic examination of specific performance texts - including photography, painting, film, theatre and anti-abortion demonstrations. 606 $aArts$xPolitical aspects 606 $aArts, Modern$y20th century 606 $aFeminism and the arts 606 $aPerformance art 606 $aPolitics in art 608 $aElectronic books. 615 0$aArts$xPolitical aspects. 615 0$aArts, Modern 615 0$aFeminism and the arts. 615 0$aPerformance art. 615 0$aPolitics in art. 676 $a700 676 $a700/.1/03 700 $aPhelan$b Peggy$0911147 801 0$bMiAaPQ 801 1$bMiAaPQ 801 2$bMiAaPQ 906 $aBOOK 912 $a9910451291703321 996 $aUnmarked$92182694 997 $aUNINA